[Event "D18blitz"]
[Site "?"]
[Date "2020.08.27"]
[Round "11.2"]
[White "Malicka, Maria"]
[Black "Swiech, Joanna"]
[Result "1/2-1/2"]
[BlackElo "1664"]
[WhiteElo "1818"]
[LiveChessVersion "1.4.4"]

1. e4 {[%clk 0:03:03]} e5 {[%clk 0:03:03]} 2. Nf3 {[%clk 0:03:04]} Nc6
{[%clk 0:03:04]} 3. Bb5 {[%clk 0:03:06]} a6 {[%clk 0:03:05]} 4. Ba4
{[%clk 0:03:07]} Nge7 {[%clk 0:03:05]} 5. c3 {[%clk 0:03:05]} g6 {[%clk 0:03:06]}
6. d4 {[%clk 0:03:06]} exd4 {[%clk 0:03:05]} 7. cxd4 {[%clk 0:03:06]} b5
{[%clk 0:03:00]} 8. Bc2 {[%clk 0:03:07]} d6 {[%clk 0:02:59]} 9. d5
{[%clk 0:02:58]} Ne5 {[%clk 0:02:43]} 10. Nxe5 {[%clk 0:02:30]} dxe5
{[%clk 0:02:43]} 11. O-O {[%clk 0:02:31]} Bg7 {[%clk 0:02:43]} 12. a4
{[%clk 0:02:25]} Bd7 {[%clk 0:02:23]} 13. Nc3 {[%clk 0:01:39]} b4
{[%clk 0:02:09]} 14. Na2 {[%clk 0:01:23]} a5 {[%clk 0:02:09]} 15. Be3
{[%clk 0:01:18]} O-O {[%clk 0:01:59]} 16. Nc1 {[%clk 0:01:18]} Nc8
{[%clk 0:01:54]} 17. Nd3 {[%clk 0:01:05]} Nd6 {[%clk 0:01:41]} 18. Nc5
{[%clk 0:01:03]} Nc4 {[%clk 0:01:34]} 19. Bc1 {[%clk 0:00:57]} Qe7
{[%clk 0:01:30]} 20. Nxd7 {[%clk 0:00:57]} Qxd7 {[%clk 0:01:31]} 21. b3
{[%clk 0:00:58]} Nd6 {[%clk 0:01:27]} 22. Bd3 {[%clk 0:00:57]} f5
{[%clk 0:01:11]} 23. f3 {[%clk 0:00:52]} f4 {[%clk 0:01:05]} 24. Bb2
{[%clk 0:00:49]} Rf7 {[%clk 0:00:45]} 25. Qe2 {[%clk 0:00:44]} Rb8
{[%clk 0:00:42]} 26. Rfc1 {[%clk 0:00:41]} Re7 {[%clk 0:00:35]} 27. Rc6
{[%clk 0:00:41]} Rb6 {[%clk 0:00:31]} 28. Bb5 {[%clk 0:00:26]} Qd8
{[%clk 0:00:25]} 29. Rxb6 {[%clk 0:00:13]} cxb6 {[%clk 0:00:26]} 30. Bc6
{[%clk 0:00:13]} Nc8 {[%clk 0:00:18]} 31. Qa6 {[%clk 0:00:09]} Ra7
{[%clk 0:00:16]} 32. Qd3 {[%clk 0:00:07]} Qd6 {[%clk 0:00:16]} 33. Rc1
{[%clk 0:00:07]} Ne7 {[%clk 0:00:16]} 34. Bb5 {[%clk 0:00:08]} Ra8
{[%clk 0:00:12]} 35. Qd2 {[%clk 0:00:05]} Rc8 {[%clk 0:00:13]} 36. Rxc8+
{[%clk 0:00:06]} Nxc8 {[%clk 0:00:15]} 37. Qc2 {[%clk 0:00:07]} Qc5+
{[%clk 0:00:15]} 38. Qxc5 {[%clk 0:00:08]} bxc5 {[%clk 0:00:16]} 39. Kf2
{[%clk 0:00:08]} Kf8 {[%clk 0:00:17]} 40. Ke2 {[%clk 0:00:09]} Ke7
{[%clk 0:00:18]} 41. Kd3 {[%clk 0:00:10]} Kd6 {[%clk 0:00:19]} 42. Bc1
{[%clk 0:00:04]} Nb6 {[%clk 0:00:20]} 43. Bd2 {[%clk 0:00:05]} Bf8
{[%clk 0:00:20]} 44. Be1 {[%clk 0:00:06]} Be7 {[%clk 0:00:21]} 45. Bf2
{[%clk 0:00:08]} Bf6 {[%clk 0:00:22]} 46. Ba6 {[%clk 0:00:08]} Be7
{[%clk 0:00:22]} 47. Bb5 {[%clk 0:00:09]} Bf6 {[%clk 0:00:23]} 48. g3
{[%clk 0:00:10]} g5 {[%clk 0:00:23]} 49. g4 {[%clk 0:00:07]} 1/2-1/2

[Event "D18blitz"]
[Site "?"]
[Date "2020.08.27"]
[Round "11.3"]
[White "Michalska, Aleksandra"]
[Black "Jarocka, Liwia"]
[Result "1/2-1/2"]
[BlackElo "1828"]
[WhiteElo "1688"]
[LiveChessVersion "1.4.4"]

1. e4 {[%clk 0:03:03]} c5 {[%clk 0:03:04]} 2. Nc3 {[%clk 0:03:04]} g6
{[%clk 0:03:04]} 3. f4 {[%clk 0:03:05]} Bg7 {[%clk 0:03:06]} 4. Nf3
{[%clk 0:03:06]} Nc6 {[%clk 0:03:07]} 5. Bb5 {[%clk 0:03:07]} d6 {[%clk 0:03:01]}
6. Bxc6+ {[%clk 0:03:08]} bxc6 {[%clk 0:03:02]} 7. O-O {[%clk 0:03:08]} Nf6
{[%clk 0:03:02]} 8. d3 {[%clk 0:03:09]} O-O {[%clk 0:03:03]} 9. h3
{[%clk 0:03:10]} Rb8 {[%clk 0:02:55]} 10. Rb1 {[%clk 0:03:10]} Nd7
{[%clk 0:02:53]} 11. Bd2 {[%clk 0:03:09]} Nb6 {[%clk 0:02:32]} 12. Nh2
{[%clk 0:02:56]} d5 {[%clk 0:02:13]} 13. Qe1 {[%clk 0:02:42]} c4 {[%clk 0:02:09]}
14. e5 {[%clk 0:02:34]} cxd3 {[%clk 0:02:09]} 15. cxd3 {[%clk 0:02:35]} Ba6
{[%clk 0:02:10]} 16. Rf3 {[%clk 0:02:29]} c5 {[%clk 0:01:55]} 17. b3
{[%clk 0:02:19]} Bb7 {[%clk 0:01:55]} 18. Rf1 {[%clk 0:02:14]} Rc8
{[%clk 0:01:53]} 19. Ne2 {[%clk 0:02:06]} d4 {[%clk 0:01:54]} 20. Ng3
{[%clk 0:01:58]} f5 {[%clk 0:01:49]} 21. exf6 {[%clk 0:01:54]} exf6
{[%clk 0:01:47]} 22. f5 {[%clk 0:01:44]} Qd5 {[%clk 0:01:42]} 23. Qf2
{[%clk 0:01:31]} Rce8 {[%clk 0:01:12]} 24. Rbe1 {[%clk 0:01:24]} Qd7
{[%clk 0:00:53]} 25. Ne4 {[%clk 0:01:17]} Bxe4 {[%clk 0:00:51]} 26. Rxe4
{[%clk 0:01:15]} Rxe4 {[%clk 0:00:52]} 27. dxe4 {[%clk 0:01:16]} Re8
{[%clk 0:00:51]} 28. Qf3 {[%clk 0:01:08]} c4 {[%clk 0:00:50]} 29. bxc4
{[%clk 0:01:06]} Nxc4 {[%clk 0:00:50]} 30. Qb3 {[%clk 0:00:47]} Qf7
{[%clk 0:00:51]} 31. fxg6 {[%clk 0:00:39]} hxg6 {[%clk 0:00:52]} 32. Bc1
{[%clk 0:00:29]} Rxe4 {[%clk 0:00:43]} 33. Ng4 {[%clk 0:00:30]} Ne5
{[%clk 0:00:23]} 34. Nf2 {[%clk 0:00:14]} Qxb3 {[%clk 0:00:23]} 35. axb3
{[%clk 0:00:16]} Re2 {[%clk 0:00:22]} 36. Rd1 {[%clk 0:00:13]} d3
{[%clk 0:00:19]} 37. Kf1 {[%clk 0:00:13]} Rc2 {[%clk 0:00:19]} 38. Be3
{[%clk 0:00:09]} Rc3 {[%clk 0:00:20]} 39. Bd4 {[%clk 0:00:09]} Rxb3
{[%clk 0:00:20]} 40. Bxa7 {[%clk 0:00:08]} Bh6 {[%clk 0:00:19]} 41. Bd4
{[%clk 0:00:09]} d2 {[%clk 0:00:18]} 42. Bxe5 {[%clk 0:00:10]} fxe5
{[%clk 0:00:19]} 43. Ne4 {[%clk 0:00:10]} 1/2-1/2

[Event "D18blitz"]
[Site "?"]
[Date "2020.08.27"]
[Round "11.4"]
[White "Kucharska, Honorata"]
[Black "Kalinowska, Zuzanna"]
[Result "1/2-1/2"]
[BlackElo "1798"]
[WhiteElo "2038"]
[LiveChessVersion "1.4.4"]

1. d4 {[%clk 0:03:02]} Nf6 {[%clk 0:03:03]} 2. Nf3 {[%clk 0:03:02]} e6
{[%clk 0:03:03]} 3. e3 {[%clk 0:02:59]} b6 {[%clk 0:03:03]} 4. c4
{[%clk 0:02:59]} Bb4+ {[%clk 0:03:02]} 5. Nc3 {[%clk 0:02:59]} Bb7
{[%clk 0:03:02]} 6. Bd3 {[%clk 0:02:56]} O-O {[%clk 0:02:59]} 7. O-O
{[%clk 0:02:56]} d5 {[%clk 0:02:56]} 8. cxd5 {[%clk 0:02:43]} exd5
{[%clk 0:02:51]} 9. Qc2 {[%clk 0:02:19]} a6 {[%clk 0:02:39]} 10. a3
{[%clk 0:02:09]} Bd6 {[%clk 0:02:39]} 11. e4 {[%clk 0:02:01]} dxe4
{[%clk 0:02:31]} 12. Nxe4 {[%clk 0:02:02]} Nxe4 {[%clk 0:02:19]} 13. Bxe4
{[%clk 0:02:02]} Bxe4 {[%clk 0:02:19]} 14. Qxe4 {[%clk 0:02:03]} Nd7
{[%clk 0:02:20]} 15. Be3 {[%clk 0:01:46]} Nf6 {[%clk 0:02:09]} 16. Qd3
{[%clk 0:01:43]} Nd5 {[%clk 0:01:53]} 17. Ng5 {[%clk 0:01:33]} Nf6
{[%clk 0:01:41]} 18. Rfd1 {[%clk 0:01:03]} h6 {[%clk 0:01:39]} 19. Nf3
{[%clk 0:01:03]} Nd5 {[%clk 0:01:29]} 20. Rac1 {[%clk 0:00:39]} Re8
{[%clk 0:01:07]} 21. Qb3 {[%clk 0:00:28]} Nxe3 {[%clk 0:00:57]} 22. fxe3
{[%clk 0:00:29]} Qe7 {[%clk 0:00:54]} 23. Re1 {[%clk 0:00:25]} Qe4
{[%clk 0:00:49]} 24. Qc2 {[%clk 0:00:18]} Qg4 {[%clk 0:00:38]} 25. e4
{[%clk 0:00:17]} Bf4 {[%clk 0:00:34]} 26. Rcd1 {[%clk 0:00:17]} Re6
{[%clk 0:00:30]} 27. Qf2 {[%clk 0:00:08]} Rg6 {[%clk 0:00:28]} 28. e5
{[%clk 0:00:08]} Re8 {[%clk 0:00:19]} 29. Nh4 {[%clk 0:00:05]} Rc6
{[%clk 0:00:15]} 30. Rf1 {[%clk 0:00:00]} 1/2-1/2

[Event "D18blitz"]
[Site "?"]
[Date "2020.08.27"]
[Round "11.5"]
[White "Rudzinska, Michalina"]
[Black "Wolagiewicz, Kinga"]
[Result "1-0"]
[BlackElo "1510"]
[WhiteElo "1804"]
[LiveChessVersion "1.4.4"]

1. e4 {[%clk 0:03:03]} c6 {[%clk 0:03:04]} 2. d4 {[%clk 0:03:04]} d5
{[%clk 0:03:05]} 3. Nc3 {[%clk 0:03:05]} dxe4 {[%clk 0:03:06]} 4. Nxe4
{[%clk 0:03:06]} Nf6 {[%clk 0:03:07]} 5. Nxf6+ {[%clk 0:03:07]} exf6
{[%clk 0:03:08]} 6. c3 {[%clk 0:03:08]} Bd6 {[%clk 0:03:10]} 7. Bd3
{[%clk 0:03:08]} O-O {[%clk 0:03:10]} 8. Ne2 {[%clk 0:03:09]} Re8
{[%clk 0:03:11]} 9. Qc2 {[%clk 0:03:10]} h6 {[%clk 0:03:12]} 10. Be3
{[%clk 0:03:11]} Nd7 {[%clk 0:03:13]} 11. O-O-O {[%clk 0:03:11]} Nf8
{[%clk 0:03:15]} 12. Kb1 {[%clk 0:03:08]} b5 {[%clk 0:03:14]} 13. Ng3
{[%clk 0:03:00]} a5 {[%clk 0:03:08]} 14. Ne4 {[%clk 0:03:00]} Bb7
{[%clk 0:02:51]} 15. Nc5 {[%clk 0:02:55]} Qc7 {[%clk 0:02:40]} 16. Be4
{[%clk 0:02:50]} Bxc5 {[%clk 0:02:19]} 17. dxc5 {[%clk 0:02:50]} b4
{[%clk 0:02:20]} 18. g3 {[%clk 0:02:41]} bxc3 {[%clk 0:02:13]} 19. bxc3
{[%clk 0:02:37]} Ba6 {[%clk 0:02:11]} 20. Ka1 {[%clk 0:02:35]} Bc4
{[%clk 0:02:08]} 21. Rhe1 {[%clk 0:02:22]} Ne6 {[%clk 0:01:58]} 22. f4
{[%clk 0:02:02]} a4 {[%clk 0:01:57]} 23. Rb1 {[%clk 0:01:49]} Rab8
{[%clk 0:01:49]} 24. f5 {[%clk 0:01:47]} Nf8 {[%clk 0:01:43]} 25. Bf4
{[%clk 0:01:43]} Rxb1+ {[%clk 0:01:43]} 26. Rxb1 {[%clk 0:01:41]} Qa7
{[%clk 0:01:30]} 27. Bd6 {[%clk 0:01:30]} Nd7 {[%clk 0:01:28]} 28. Rb4
{[%clk 0:01:15]} Bb5 {[%clk 0:01:25]} 29. c4 {[%clk 0:01:13]} Nxc5
{[%clk 0:01:08]} 30. cxb5 {[%clk 0:01:03]} Nxe4 {[%clk 0:01:07]} 31. Rxe4
{[%clk 0:00:50]} Rxe4 {[%clk 0:00:53]} 32. Qxe4 {[%clk 0:00:50]} cxb5
{[%clk 0:00:54]} 33. Bf4 {[%clk 0:00:31]} Qg1+ {[%clk 0:00:46]} 34. Kb2
{[%clk 0:00:29]} Qf2+ {[%clk 0:00:32]} 35. Qc2 {[%clk 0:00:24]} Qd4+
{[%clk 0:00:32]} 36. Ka3 {[%clk 0:00:14]} Kh7 {[%clk 0:00:22]} 37. Bd2
{[%clk 0:00:10]} Qd6+ {[%clk 0:00:20]} 38. Bb4 {[%clk 0:00:10]} Qd4
{[%clk 0:00:20]} 39. Qc3 {[%clk 0:00:09]} Qd1 {[%clk 0:00:18]} 40. Bc5
{[%clk 0:00:07]} Qe2 {[%clk 0:00:17]} 41. Kb4 {[%clk 0:00:04]} Qe4+
{[%clk 0:00:18]} 42. Kxb5 {[%clk 0:00:04]} Qxf5 {[%clk 0:00:17]} 43. Kxa4
{[%clk 0:00:04]} Qe4+ {[%clk 0:00:18]} 44. Kb5 {[%clk 0:00:05]} Qb7+
{[%clk 0:00:19]} 45. Kc4 {[%clk 0:00:06]} Qe4+ {[%clk 0:00:20]} 46. Bd4
{[%clk 0:00:06]} Qe6+ {[%clk 0:00:21]} 47. Kd3 {[%clk 0:00:07]} Qa6+
{[%clk 0:00:22]} 48. Qc4 {[%clk 0:00:07]} Qa3+ {[%clk 0:00:23]} 49. Bc3
{[%clk 0:00:08]} Qa8 {[%clk 0:00:23]} 50. a4 {[%clk 0:00:08]} Qf3+
{[%clk 0:00:23]} 51. Kd4 {[%clk 0:00:08]} Qf2+ {[%clk 0:00:23]} 52. Kd5
{[%clk 0:00:09]} Qf3+ {[%clk 0:00:24]} 53. Qe4+ {[%clk 0:00:09]} Qxe4+
{[%clk 0:00:24]} 54. Kxe4 {[%clk 0:00:10]} g6 {[%clk 0:00:25]} 55. a5
{[%clk 0:00:12]} f5+ {[%clk 0:00:25]} 56. Kf3 {[%clk 0:00:13]} g5
{[%clk 0:00:26]} 57. a6 {[%clk 0:00:13]} g4+ {[%clk 0:00:27]} 58. Kf4
{[%clk 0:00:14]} Kg6 {[%clk 0:00:28]} 59. a7 {[%clk 0:00:15]} f6 {[%clk 0:00:28]}
60. a8=Q {[%clk 0:00:15]} 1-0

[Event "D18blitz"]
[Site "?"]
[Date "2020.08.27"]
[Round "11.6"]
[White "Kulpa, Zuzanna"]
[Black "Orlik, Sandra"]
[Result "1-0"]
[BlackElo "1515"]
[WhiteElo "1490"]
[LiveChessVersion "1.4.4"]

1. d4 {[%clk 0:03:04]} f5 {[%clk 0:03:01]} 2. g3 {[%clk 0:03:04]} e6
{[%clk 0:03:02]} 3. Bg2 {[%clk 0:03:05]} d5 {[%clk 0:03:03]} 4. c4
{[%clk 0:03:04]} c6 {[%clk 0:03:04]} 5. Nf3 {[%clk 0:03:04]} Nf6 {[%clk 0:03:00]}
6. O-O {[%clk 0:03:03]} Bd6 {[%clk 0:02:57]} 7. Qc2 {[%clk 0:03:00]} O-O
{[%clk 0:02:55]} 8. Nc3 {[%clk 0:02:59]} Nbd7 {[%clk 0:02:47]} 9. cxd5
{[%clk 0:02:57]} cxd5 {[%clk 0:02:34]} 10. Nb5 {[%clk 0:02:46]} Bb8
{[%clk 0:02:34]} 11. Bf4 {[%clk 0:02:32]} Bxf4 {[%clk 0:02:33]} 12. gxf4
{[%clk 0:02:33]} Qe7 {[%clk 0:01:56]} 13. Ng5 {[%clk 0:01:47]} Nb6
{[%clk 0:01:39]} 14. b3 {[%clk 0:01:40]} Bd7 {[%clk 0:01:39]} 15. Nc3
{[%clk 0:01:36]} Rac8 {[%clk 0:01:39]} 16. Qd3 {[%clk 0:01:35]} Ne4
{[%clk 0:01:35]} 17. Ngxe4 {[%clk 0:01:12]} fxe4 {[%clk 0:01:35]} 18. Qg3
{[%clk 0:01:09]} Rf6 {[%clk 0:01:33]} 19. Rac1 {[%clk 0:01:03]} Rg6
{[%clk 0:01:33]} 20. Qe3 {[%clk 0:01:02]} Qh4 {[%clk 0:01:23]} 21. Kh1
{[%clk 0:00:29]} Rf8 {[%clk 0:01:23]} 22. Qh3 {[%clk 0:00:27]} Qxf4
{[%clk 0:01:19]} 23. e3 {[%clk 0:00:26]} Qf7 {[%clk 0:01:19]} 24. Ne2
{[%clk 0:00:17]} e5 {[%clk 0:01:14]} 25. Qh4 {[%clk 0:00:18]} Rh6
{[%clk 0:01:11]} 26. Qg3 {[%clk 0:00:19]} exd4 {[%clk 0:01:06]} 27. Nxd4
{[%clk 0:00:20]} Rg6 {[%clk 0:01:04]} 28. Qc7 {[%clk 0:00:16]} Qf6
{[%clk 0:00:57]} 29. a4 {[%clk 0:00:12]} Qg5 {[%clk 0:00:57]} 30. Qg3
{[%clk 0:00:12]} Qh5 {[%clk 0:00:57]} 31. Qc7 {[%clk 0:00:11]} Bh3
{[%clk 0:00:55]} 32. Bxh3 {[%clk 0:00:10]} Qxh3 {[%clk 0:00:56]} 33. Rg1
{[%clk 0:00:10]} Rxg1+ {[%clk 0:00:49]} 34. Rxg1 {[%clk 0:00:11]} Qd7
{[%clk 0:00:48]} 35. Qxd7 {[%clk 0:00:11]} Nxd7 {[%clk 0:00:49]} 36. Rg5
{[%clk 0:00:10]} Nf6 {[%clk 0:00:48]} 37. Kg2 {[%clk 0:00:11]} h6
{[%clk 0:00:47]} 38. Re5 {[%clk 0:00:11]} Kf7 {[%clk 0:00:48]} 39. h3
{[%clk 0:00:11]} Rc8 {[%clk 0:00:48]} 40. Nf5 {[%clk 0:00:05]} Rc7
{[%clk 0:00:45]} 41. Nd6+ {[%clk 0:00:05]} Kg6 {[%clk 0:00:45]} 42. Nb5
{[%clk 0:00:04]} Rc2 {[%clk 0:00:40]} 43. Re7 {[%clk 0:00:05]} a6
{[%clk 0:00:37]} 44. Nd4 {[%clk 0:00:06]} Rb2 {[%clk 0:00:35]} 45. Rxb7
{[%clk 0:00:07]} Kh7 {[%clk 0:00:19]} 46. Rb6 {[%clk 0:00:08]} Ne8
{[%clk 0:00:18]} 47. Rxa6 {[%clk 0:00:08]} Nc7 {[%clk 0:00:19]} 48. Rc6
{[%clk 0:00:08]} Na6 {[%clk 0:00:20]} 49. Rxa6 {[%clk 0:00:09]} 1-0

[Event "D18blitz"]
[Site "?"]
[Date "2020.08.27"]
[Round "12.1"]
[White "Swiech, Joanna"]
[Black "Czarniecka, Aleksandra"]
[Result "1/2-1/2"]
[BlackElo "1758"]
[WhiteElo "1664"]
[LiveChessVersion "1.4.4"]

1. d4 Nf6 2. c4 g6 3. Nc3 Bg7 4. e4 d6 5. Bd3 O-O 6. f3 Nc6 7. Be3 e5 8. d5 Nd4
9. Nge2 c5 10. dxc6 Nxc6 11. O-O Be6 12. Rc1 Rc8 13. b3 a6 14. Na4 Qe7 15. Nb6
Rb8 16. Bb1 Rfd8 17. Nd5 Bxd5 18. cxd5 Nd4 19. Nxd4 exd4 20. Bxd4 Bh6 21. Rc3 Nd7
22. Qc2 Nc5 23. Kh1 b6 24. b4 Nd7 25. Rc6 Bf4 26. g3 Be5 27. Bxe5 Nxe5 28. Rc7
Rd7 29. Rxd7 Qxd7 30. f4 Ng4 31. Rc1 Qb5 32. Qc4 Qa4 33. Bc2 Qd7 34. Bb3 Qe7 35.
Bc2 Qd7 36. Qxa6 Qc7 37. Qe2 Nf6 38. Re1 Rc8 39. Bb3 Qc3 40. e5 Ne8 41. b5 Qc5
42. e6 f6 43. e7 Ng7 44. Qe3 Qxb5 45. Qe2 Qc5 46. Qd2 Re8 47. Qc2 Qxc2 48. Bxc2
Kf7 49. Rb1 Rb8 1/2-1/2

[Event "D18blitz"]
[Site "?"]
[Date "2020.08.27"]
[Round "12.2"]
[White "Kalinowska, Zuzanna"]
[Black "Malicka, Maria"]
[Result "1/2-1/2"]
[BlackElo "1818"]
[WhiteElo "1798"]
[LiveChessVersion "1.4.4"]

1. d4 {[%clk 0:03:03]} Nf6 {[%clk 0:03:04]} 2. c4 {[%clk 0:03:04]} c5
{[%clk 0:03:05]} 3. d5 {[%clk 0:03:04]} b5 {[%clk 0:03:06]} 4. cxb5
{[%clk 0:03:04]} a6 5. b6 {[%clk 0:03:01]} d6 {[%clk 0:03:05]} 6. Nc3
{[%clk 0:03:01]} g6 {[%clk 0:03:06]} 7. e4 {[%clk 0:03:01]} Bg7 {[%clk 0:03:06]}
8. Nf3 {[%clk 0:03:00]} O-O {[%clk 0:03:07]} 9. Be2 {[%clk 0:02:53]} Nbd7
{[%clk 0:03:07]} 10. a4 {[%clk 0:02:53]} Nxb6 {[%clk 0:02:47]} 11. O-O
{[%clk 0:02:41]} Rb8 {[%clk 0:02:35]} 12. a5 {[%clk 0:02:35]} Nbd7
{[%clk 0:02:36]} 13. Bc4 {[%clk 0:02:34]} Ng4 {[%clk 0:02:23]} 14. Qe2
{[%clk 0:02:24]} Nge5 {[%clk 0:02:23]} 15. Nxe5 {[%clk 0:02:09]} Nxe5
{[%clk 0:02:18]} 16. Bxa6 {[%clk 0:02:04]} Bxa6 {[%clk 0:02:07]} 17. Qxa6
{[%clk 0:02:04]} Ra8 {[%clk 0:02:08]} 18. Qb5 {[%clk 0:01:52]} Qc7
{[%clk 0:02:09]} 19. a6 {[%clk 0:01:38]} Rfb8 {[%clk 0:01:51]} 20. Qe2
{[%clk 0:01:38]} c4 {[%clk 0:01:48]} 21. Be3 {[%clk 0:01:15]} Nd3
{[%clk 0:01:47]} 22. Rfb1 {[%clk 0:00:46]} Nxb2 {[%clk 0:01:10]} 23. Rxb2
{[%clk 0:00:38]} Bxc3 {[%clk 0:01:09]} 24. Rxb8+ {[%clk 0:00:38]} Qxb8
{[%clk 0:01:05]} 25. Rc1 {[%clk 0:00:34]} Qb2 {[%clk 0:00:49]} 26. Qxb2
{[%clk 0:00:27]} Bxb2 {[%clk 0:00:49]} 27. Rxc4 {[%clk 0:00:27]} 1/2-1/2

[Event "D18blitz"]
[Site "?"]
[Date "2020.08.27"]
[Round "12.3"]
[White "Furtak, Joanna"]
[Black "Michalska, Aleksandra"]
[Result "1-0"]
[BlackElo "1688"]
[WhiteElo "1698"]
[LiveChessVersion "1.4.4"]

1. e4 {[%clk 0:03:02]} e5 {[%clk 0:03:04]} 2. Bc4 {[%clk 0:03:03]} Nf6
{[%clk 0:03:04]} 3. Nc3 {[%clk 0:03:04]} Bc5 {[%clk 0:03:06]} 4. f4
{[%clk 0:03:05]} d6 {[%clk 0:03:06]} 5. Nf3 {[%clk 0:03:06]} Bg4 {[%clk 0:03:07]}
6. d3 {[%clk 0:03:03]} Nc6 {[%clk 0:03:07]} 7. fxe5 {[%clk 0:03:03]} Nxe5
{[%clk 0:03:07]} 8. Bb3 {[%clk 0:02:55]} Bxf3 {[%clk 0:02:55]} 9. gxf3
{[%clk 0:02:55]} Nfg4 {[%clk 0:02:43]} 10. fxg4 {[%clk 0:01:23]} Qh4+
{[%clk 0:02:44]} 11. Kd2 {[%clk 0:01:20]} Nxg4 12. Qf3 {[%clk 0:01:08]} O-O-O
{[%clk 0:02:04]} 13. Nd1 {[%clk 0:00:42]} Kb8 {[%clk 0:01:46]} 14. c3
{[%clk 0:00:37]} Nxh2 {[%clk 0:01:28]} 15. Qe2 {[%clk 0:00:17]} Qg5+
{[%clk 0:01:00]} 16. Kc2 {[%clk 0:00:18]} Qe7 {[%clk 0:00:47]} 17. Qxh2
{[%clk 0:00:18]} h6 {[%clk 0:00:44]} 18. Be3 {[%clk 0:00:18]} Bb6
{[%clk 0:00:42]} 19. Bxb6 {[%clk 0:00:18]} axb6 {[%clk 0:00:43]} 20. Ne3
{[%clk 0:00:19]} Qd7 {[%clk 0:00:32]} 21. Raf1 {[%clk 0:00:18]} f6
{[%clk 0:00:33]} 22. Qh3 {[%clk 0:00:19]} Qe8 {[%clk 0:00:29]} 23. Nf5
{[%clk 0:00:20]} Rd7 {[%clk 0:00:24]} 24. Qg2 {[%clk 0:00:17]} Qf8
{[%clk 0:00:19]} 25. Qg6 {[%clk 0:00:16]} c6 {[%clk 0:00:17]} 26. Be6
{[%clk 0:00:16]} Rc7 {[%clk 0:00:18]} 27. Rhg1 {[%clk 0:00:16]} d5
{[%clk 0:00:16]} 28. exd5 {[%clk 0:00:16]} cxd5 {[%clk 0:00:18]} 29. Bxd5
{[%clk 0:00:17]} b5 {[%clk 0:00:15]} 30. Bb3 {[%clk 0:00:13]} b4 {[%clk 0:00:15]}
31. Qg3 {[%clk 0:00:14]} bxc3 {[%clk 0:00:11]} 32. bxc3 {[%clk 0:00:14]} Qb4
{[%clk 0:00:10]} 33. Qxc7+ {[%clk 0:00:15]} Kxc7 {[%clk 0:00:12]} 34. cxb4
{[%clk 0:00:16]} 1-0

[Event "D18blitz"]
[Site "?"]
[Date "2020.08.27"]
[Round "12.4"]
[White "Kulpa, Zuzanna"]
[Black "Sowa, Wiktoria"]
[Result "0-1"]
[BlackElo "1802"]
[WhiteElo "1490"]
[LiveChessVersion "1.4.4"]

1. d4 Nf6 2. c4 c5 3. d5 e6 4. Nc3 exd5 5. cxd5 d6 6. e4 g6 7. f3 Bg7 8. Bg5 O-O
9. Qd2 Nbd7 10. Nh3 a6 11. a4 Qc7 12. Nf2 Rb8 13. Be2 c4 14. a5 Nc5 15. Bxc4
Ncxe4 16. Ncxe4 Nxe4 17. Nxe4 Qxc4 18. Nxd6 Qc5 19. Bf4 Ra8 20. Rc1 Qa7 21. Be3
Qb8 22. Ne4 Qe5 23. O-O Bf5 24. Nc3 Rfe8 25. Bf4 Qe7 26. d6 Qd7 27. Nd5 Rad8 28.
Nb6 Qb5 29. Rfe1 Rxe1+ 30. Rxe1 Bxb2 31. Qd5 Qb4 32. Re7 Bd4+ 33. Be3 Qe1# 0-1

[Event "D18blitz"]
[Site "?"]
[Date "2020.08.27"]
[Round "12.5"]
[White "Jarocka, Liwia"]
[Black "Vanduyfhuys, Daria"]
[Result "0-1"]
[BlackElo "1844"]
[WhiteElo "1828"]
[LiveChessVersion "1.4.4"]

1. e4 {[%clk 0:03:04]} c5 {[%clk 0:03:04]} 2. Nf3 {[%clk 0:03:05]} Nc6
{[%clk 0:03:05]} 3. g3 {[%clk 0:03:07]} g6 {[%clk 0:03:05]} 4. Bg2
{[%clk 0:03:08]} Bg7 {[%clk 0:03:06]} 5. O-O {[%clk 0:03:09]} d6 {[%clk 0:03:07]}
6. c3 {[%clk 0:03:08]} Nf6 {[%clk 0:03:07]} 7. Re1 {[%clk 0:03:09]} O-O
{[%clk 0:03:02]} 8. d4 {[%clk 0:03:06]} cxd4 {[%clk 0:03:02]} 9. cxd4
{[%clk 0:03:08]} e5 {[%clk 0:03:03]} 10. d5 {[%clk 0:03:08]} Nb8 {[%clk 0:03:01]}
11. Nc3 {[%clk 0:03:09]} Nbd7 {[%clk 0:03:01]} 12. Bg5 {[%clk 0:03:09]} h6
{[%clk 0:02:59]} 13. Be3 {[%clk 0:03:10]} b6 {[%clk 0:02:58]} 14. h4
{[%clk 0:03:11]} Ba6 {[%clk 0:02:57]} 15. Rc1 {[%clk 0:03:05]} Nc5
{[%clk 0:02:36]} 16. Bxc5 {[%clk 0:02:41]} bxc5 {[%clk 0:02:37]} 17. b3
{[%clk 0:02:39]} h5 {[%clk 0:02:31]} 18. Nd2 {[%clk 0:02:37]} Bh6
{[%clk 0:02:31]} 19. Bf1 {[%clk 0:02:29]} Bxf1 {[%clk 0:02:13]} 20. Rxf1
{[%clk 0:02:30]} Ng4 {[%clk 0:02:03]} 21. Rc2 {[%clk 0:02:15]} Bxd2
{[%clk 0:01:52]} 22. Qxd2 {[%clk 0:02:12]} Kg7 {[%clk 0:01:31]} 23. f3
{[%clk 0:02:13]} Nf6 {[%clk 0:01:31]} 24. Kg2 {[%clk 0:02:08]} Qb6
{[%clk 0:01:29]} 25. Na4 {[%clk 0:02:07]} Qb5 {[%clk 0:01:26]} 26. Nb2
{[%clk 0:01:54]} Qd7 {[%clk 0:01:07]} 27. Nc4 {[%clk 0:01:53]} Qe7
{[%clk 0:01:08]} 28. Qg5 {[%clk 0:01:47]} Qc7 {[%clk 0:00:51]} 29. Ne3
{[%clk 0:01:46]} Nh7 {[%clk 0:00:46]} 30. Nf5+ {[%clk 0:01:40]} Kh8
{[%clk 0:00:45]} 31. Qh6 {[%clk 0:01:32]} gxf5 {[%clk 0:00:42]} 32. exf5
{[%clk 0:01:33]} f6 {[%clk 0:00:36]} 33. Qxh5 {[%clk 0:01:34]} Qg7
{[%clk 0:00:33]} 34. g4 {[%clk 0:01:33]} a5 {[%clk 0:00:28]} 35. Rc4
{[%clk 0:01:29]} Qf7 {[%clk 0:00:16]} 36. Qh6 {[%clk 0:01:21]} Qg7
{[%clk 0:00:11]} 37. Qh5 {[%clk 0:01:23]} Rg8 {[%clk 0:00:11]} 38. Kh2
{[%clk 0:01:19]} Ra7 {[%clk 0:00:12]} 39. Rg1 {[%clk 0:01:20]} Qf7
{[%clk 0:00:13]} 40. Qh6 {[%clk 0:01:21]} Qxd5 {[%clk 0:00:11]} 41. g5
{[%clk 0:01:16]} fxg5 {[%clk 0:00:12]} 42. hxg5 {[%clk 0:01:16]} Qd2+
{[%clk 0:00:13]} 43. Rg2 {[%clk 0:01:15]} Qe3 {[%clk 0:00:08]} 44. Rh4
{[%clk 0:01:14]} Rag7 {[%clk 0:00:05]} 45. g6 {[%clk 0:01:12]} Qxh6
{[%clk 0:00:06]} 46. Rxh6 {[%clk 0:01:13]} Rf8 {[%clk 0:00:05]} 47. Rd2
{[%clk 0:01:09]} Rxf5 {[%clk 0:00:05]} 48. Rxd6 {[%clk 0:01:07]} Kg8
{[%clk 0:00:05]} 49. Rd8+ {[%clk 0:01:05]} Nf8 {[%clk 0:00:07]} 50. Kg3
{[%clk 0:01:02]} Rg5+ {[%clk 0:00:08]} 51. Kf2 {[%clk 0:01:03]} R5xg6
{[%clk 0:00:08]} 52. Rh1 {[%clk 0:01:02]} Rg2+ {[%clk 0:00:09]} 53. Ke3
{[%clk 0:01:04]} Rxa2 {[%clk 0:00:10]} 54. Rhd1 {[%clk 0:01:03]} Rb2
{[%clk 0:00:11]} 55. Rb8 a4 {[%clk 0:00:10]} 56. Rdd8 {[%clk 0:01:05]} Rf7
{[%clk 0:00:12]} 57. bxa4 {[%clk 0:01:07]} Rxb8 {[%clk 0:00:13]} 58. Rxb8 Kg7
{[%clk 0:00:14]} 59. Ke4 {[%clk 0:01:08]} Ra7 {[%clk 0:00:14]} 60. Kxe5
{[%clk 0:01:07]} Nd7+ {[%clk 0:00:16]} 61. Kd4 {[%clk 0:03:02]} 0-1